Capacidad soportante del suelo bajo cargas excéntricas e inclinadas
Kaydedildi:
| Yazar: | |
|---|---|
| Materyal Türü: | Bilinmiyor |
| Baskı/Yayın Bilgisi: |
[San José, Costa Rica]
1972
|
| Konular: | |
| Etiketler: |
Etiketle
Etiket eklenmemiş, İlk siz ekleyin!
|
MARC
| LEADER | 00000 a2200000 4500 | ||
|---|---|---|---|
| 003 | 011407 | ||
| 005 | 20221231143818.0 | ||
| 008 | 140114s1972 c a m 000 ||s d | ||
| 040 | |c cru CEDI | ||
| 090 | |a TFG 484 | ||
| 100 | |a Corrales Quesada, Ricardo |9 18040 | ||
| 245 | |a Capacidad soportante del suelo bajo cargas excéntricas e inclinadas | ||
| 260 | |c 1972 |a [San José, Costa Rica] | ||
| 300 | |a 62 hojas : cuadros, gráficos ; 28 cm | ||
| 500 | |a Tesis (Ingeniero Civil) Universidad de Costa Rica. | ||
| 501 | |a Ed. mimeografiada. | ||
| 650 | |x MECANICA DE SUELOS |9 18041 | ||
| 942 | |c TFG | ||
| 999 | |c 12367 |d 12367 | ||
